[Event "CZE-chTJ 0001"]
[Site "Czech Republic"]
[Date "2000.??.??"]
[Round "2"]
[White "Krnavek, Lubomir"]
[Black "Cesal, Jaroslav"]
[Result "1/2-1/2"]
[WhiteElo "2305"]
[BlackElo "2240"]
[PlyCount "105"]
[EventDate "2000.??.??"]
[EventType "team-tourn"]
[EventRounds "11"]
[EventCountry "CZE"]
[SourceTitle "EXT 2003"]
[Source "ChessBase"]
[SourceDate "2002.11.25"]
[SourceVersion "1"]
[SourceVersionDate "2002.11.25"]
[SourceQuality "1"]

1. d4 d5 2. c4 c6 3. Nc3 Nf6 4. Nf3 e6 5. cxd5 exd5 6. Qc2 g6 7. Bg5 Be7 8. e3 0-0 9. Bd3 b6 10. 0-0 Na6 11. Ne5 Nb4 12. Qd2 Ng4 13. Bxe7 Qxe7 14. Nxg4 Bxg4 15. Be2 Bxe2 16. Qxe2 c5 17. dxc5 Qxc5 18. Rfd1 Rad8 19. Nb5 a6 20. Nd4 Qc4 21. Qd2 a5 22. a3 Na6 23. Rac1 Qa4 24. Rc6 Rb8 25. Rdc1 Nc5 26. f3 Rfe8 27. Qc3 Rb7 28. b4 Nd7 29. Rc8 Rb8 30. Rxb8 Nxb8 31. bxa5 bxa5 32. Rb1 Nd7 33. Nc6 Nf8 34. Rb7 Qh4 35. g3 d4 36. Qxd4 Qxd4 37. exd4 Re3 38. Kf2 Rxa3 39. Ne5 Ne6 40. d5 Ra2+ 41. Ke3 Ra3+ 42. Kd2 Ra2+ 43. Kc3 Ra3+ 44. Kb2 Re3 45. Nc4 Rxf3 46. dxe6 fxe6 47. Ne5 Rf2+ 48. Kc3 h5 49. Kd3 Rxh2 50. Ke3 g5 51. Kf3 Rc2 52. Ra7 Rc3+ 53. Kf2 1/2-1/2

[Event "CZE-chTV 9900"]
[Site "Czech Republic"]
[Date "2000.??.??"]
[Round "?"]
[White "Krnavek, Lubomir"]
[Black "Hostinsky, Jiri"]
[Result "0-1"]
[WhiteElo "2330"]
[BlackElo "2160"]
[PlyCount "82"]
[EventDate "1999.??.??"]
[EventType "team-tourn"]
[EventRounds "11"]
[EventCountry "CZE"]
[SourceTitle "EXT 2002"]
[Source "ChessBase"]
[SourceDate "2001.11.25"]
[SourceVersion "1"]
[SourceVersionDate "2001.11.25"]
[SourceQuality "1"]

1. d4 Nf6 2. c4 g6 3. Nc3 Bg7 4. e4 d6 5. Nf3 0-0 6. Be2 e5 7. 0-0 Nc6 8. d5 Ne7 9. Ne1 Nd7 10. Be3 f5 11. f3 f4 12. Bf2 g5 13. Nd3 Ng6 14. c5 Rf7 15. a4 Bf8 16. c6 bxc6 17. dxc6 Nf6 18. Nb4 a5 19. Nbd5 Kh8 20. Nxf6 Qxf6 21. Nd5 Qd8 22. b4 axb4 23. Qb3 Rg7 24. Qxb4 Ne7 25. Qc3 Nxd5 26. exd5 h5 27. h3 Be7 28. a5 Qg8 29. Rfd1 Qh7 30. a6 g4 31. hxg4 hxg4 32. fxg4 Bxg4 33. Bxg4 Rxg4 34. a7 Bh4 35. Qh3 Bxf2+ 36. Kxf2 Rh4 37. Qb3 Kg7 38. Qb1 e4 39. Re1 e3+ 40. Ke2 Qh5+ 41. Kd3 Qxd5+ 0-1

[Event "CZE-chTJ 0001"]
[Site "Czech Republic"]
[Date "2000.??.??"]
[Round "2"]
[White "Krnavek, Lubomir"]
[Black "Spal, Milan"]
[Result "1-0"]
[WhiteElo "2305"]
[BlackElo "2235"]
[PlyCount "101"]
[EventDate "2000.??.??"]
[EventType "team-tourn"]
[EventRounds "11"]
[EventCountry "CZE"]
[SourceTitle "EXT 2002"]
[Source "ChessBase"]
[SourceDate "2001.11.25"]
[SourceVersion "1"]
[SourceVersionDate "2001.11.25"]
[SourceQuality "1"]

1. d4 Nf6 2. c4 c5 3. d5 b5 4. Nf3 g6 5. cxb5 a6 6. b6 Bg7 7. Nc3 d6 8. Qb3 Bb7 9. a4 a5 10. Nd2 0-0 11. e4 Na6 12. Bb5 Nb4 13. 0-0 Nd7 14. Nc4 Nxb6 15. Nxb6 Qxb6 16. Bg5 Qc7 17. Rad1 Ba6 18. Bxa6 Nxa6 19. Nb5 Qd7 20. Rd2 Nc7 21. Nc3 Rfb8 22. Qc2 Rb4 23. Re2 Rab8 24. Bc1 Na6 25. f4 Bd4+ 26. Kh1 Nc7 27. f5 Qe8 28. Qd3 f6 29. g4 Rb3 30. fxg6 hxg6 31. g5 Kg7 32. Rg2 Qf7 33. Qh3 Rh8 34. Qd7 Ne8 35. Ne2 Be5 36. Nf4 Bxf4 37. Rxf4 Rhh3 38. Rfg4 Rhf3 39. gxf6+ Rxf6 40. Rg1 Rbf3 41. Bg5 Kf8 42. Bxf6 Rxf6 43. R4g3 Rf1 44. Qh3 Rxg1+ 45. Rxg1 Kg7 46. Qc3+ Nf6 47. Rf1 Qe8 48. Qxa5 Nxe4 49. Qe1 Nf6 50. Qe6 Kh6 51. Rxf6 1-0

[Event "CZE-chTJ 0001"]
[Site "Czech Republic"]
[Date "2000.??.??"]
[Round "2"]
[White "Rozmbersky, David"]
[Black "Krnavek, Lubomir"]
[Result "0-1"]
[WhiteElo "2200"]
[BlackElo "2305"]
[PlyCount "78"]
[EventDate "2000.??.??"]
[EventType "team-tourn"]
[EventRounds "11"]
[EventCountry "CZE"]
[SourceTitle "EXT 2002"]
[Source "ChessBase"]
[SourceDate "2001.11.25"]
[SourceVersion "1"]
[SourceVersionDate "2001.11.25"]
[SourceQuality "1"]

1. e4 Nf6 2. e5 Nd5 3. Nc3 Nxc3 4. bxc3 d6 5. f4 g6 6. d4 Bg7 7. Bd3 0-0 8. Nf3 c5 9. Be3 dxe5 10. fxe5 Bg4 11. h3 Bxf3 12. gxf3 Nc6 13. Be4 Qa5 14. Bd2 Rad8 15. Qe2 Qc7 16. dxc5 Qxe5 17. Rb1 Qxc5 18. Rb5 Qd6 19. Rxb7 Bf6 20. Rh2 Bxc3 21. Bxc3 Qc5 22. Bxc6 Qg1+ 23. Qf1 Rd1+ 24. Kxd1 Qxf1+ 25. Be1 Rd8+ 26. Rd7 Rxd7+ 27. Bxd7 Qxf3+ 28. Re2 Qd5+ 29. Rd2 Qxa2 30. Bg3 Qa1+ 31. Ke2 Qc3 32. Bf2 a5 33. Bg4 f5 34. Bf3 e5 35. Bd5+ Kg7 36. h4 a4 37. Kd1 a3 38. Rd3 Qb2 39. Rb3 a2 0-1

[Event "CZE-chTV 9900"]
[Site "Czech Republic"]
[Date "1999.??.??"]
[Round "?"]
[White "Krnavek, Lubomir"]
[Black "Vojta, Tomas"]
[Result "1-0"]
[WhiteElo "2330"]
[BlackElo "2225"]
[PlyCount "53"]
[EventDate "1999.??.??"]
[EventType "team-tourn"]
[EventRounds "11"]
[EventCountry "CZE"]
[SourceTitle "EXT 2002"]
[Source "ChessBase"]
[SourceDate "2001.11.25"]
[SourceVersion "1"]
[SourceVersionDate "2001.11.25"]
[SourceQuality "1"]

1. d4 d5 2. c4 dxc4 3. Nf3 Nf6 4. e3 Bg4 5. Bxc4 e6 6. h3 Bh5 7. Nc3 Nbd7 8. Be2 Bd6 9. 0-0 0-0 10. e4 e5 11. Be3 Qe7 12. dxe5 Nxe5 13. Nd4 Bxe2 14. Qxe2 Ng6 15. Nf5 Qe6 16. Nxd6 Qxd6 17. f4 Qc6 18. f5 Ne5 19. Bg5 Rfe8 20. Bxf6 Qxf6 21. Nd5 Qd6 22. f6 g6 23. Rad1 Kh8 24. Qe3 Re6 25. Kh1 Rd8 26. Qh6 Qf8 27. Nxc7 1-0

[Event "CZE-chT1a 9697"]
[Site "Czech Republic"]
[Date "1997.??.??"]
[Round "?"]
[White "Krnavek, Lubomir"]
[Black "Hallerova, Eva"]
[Result "1/2-1/2"]
[WhiteElo "2305"]
[BlackElo "2155"]
[PlyCount "96"]
[EventDate "1996.??.??"]
[EventType "team-tourn"]
[EventRounds "11"]
[EventCountry "CZE"]
[SourceTitle "EXT 1998"]
[Source "ChessBase"]
[SourceDate "1997.11.17"]
[SourceVersion "1"]
[SourceVersionDate "1997.11.17"]
[SourceQuality "1"]

1. d4 Nf6 2. c4 g6 3. Nc3 Bg7 4. e4 d6 5. Nf3 0-0 6. Be2 e5 7. d5 a5 8. Bg5 h6 9. Bh4 Na6 10. Nd2 Qe8 11. f3 Nh5 12. 0-0 Nf4 13. b3 Kh8 14. a3 Bd7 15. Rb1 f5 16. b4 axb4 17. axb4 Rg8 18. Bf2 g5 19. c5 Bf6 20. cxd6 cxd6 21. Nc4 Qe7 22. Nb6 Nxe2+ 23. Qxe2 Raf8 24. Nxd7 Qxd7 25. exf5 Qxf5 26. Ne4 Be7 27. h3 Rf7 28. Bb6 h5 29. b5 Nc5 30. Bxc5 dxc5 31. Rbd1 Rh7 32. d6 Bd8 33. Rd5 g4 34. fxg4 Qe6 35. Nc3 hxg4 36. hxg4 Ba5 37. Rxe5 Qxd6 38. Nd5 Bd8 39. Rff5 Qh6 40. Rh5 Qc1+ 41. Kh2 Bg5 42. g3 Rxh5+ 43. gxh5 Bh4 44. Re3 Bxg3+ 45. Rxg3 Rxg3 46. Qe8+ Rg8 47. Qe5+ Rg7 48. Qe8+ Rg8 1/2-1/2

[Event "CZE-chT2a 9596"]
[Site "Czech Republic"]
[Date "1996.??.??"]
[Round "?"]
[White "Krnavek, Lubomir"]
[Black "Rehorek, Martin"]
[Result "1-0"]
[WhiteElo "2275"]
[BlackElo "2335"]
[PlyCount "107"]
[EventDate "1995.??.??"]
[EventType "team-tourn"]
[EventRounds "11"]
[EventCountry "CZE"]
[SourceTitle "EXT 2000"]
[Source "ChessBase"]
[SourceDate "1999.11.16"]
[SourceVersion "1"]
[SourceVersionDate "1999.11.16"]
[SourceQuality "1"]

1. Nf3 Nf6 2. c4 b6 3. g3 Bb7 4. Bg2 g6 5. d4 Bg7 6. Nc3 d6 7. 0-0 Nbd7 8. Qc2 0-0 9. e4 e5 10. d5 a5 11. a3 Nc5 12. b3 Bc8 13. Nd2 Ne8 14. Rb1 f5 15. b4 axb4 16. axb4 Nxe4 17. Ndxe4 fxe4 18. Nxe4 Bf5 19. Rd1 Qd7 20. Be3 Nf6 21. Nxf6+ Bxf6 22. Be4 Ra4 23. Bxf5 gxf5 24. c5 bxc5 25. bxc5 f4 26. c6 Qh3 27. Kh1 Rfa8 28. Bd2 f3 29. Rg1 Ra2 30. Qc3 Bg5 31. Be1 R2a3 32. Qc2 Ra1 33. Qd1 Rxb1 34. Qxb1 Rf8 35. Ba5 Rf7 36. Qf1 Qf5 37. h4 Bh6 38. Kh2 Qc2 39. Kh3 Qf5+ 40. g4 Qc2 41. g5 Bg7 42. Qe1 Rf4 43. Rg4 Qf5 44. Qg1 Qc8 45. Bxc7 Rd4 46. Bb6 Rxd5 47. Qc1 Kf8 48. Kg3 Rb5 49. Be3 Ke7 50. Ra4 e4 51. Ra7+ Kf8 52. Bf4 Be5 53. Bxe5 Rxe5 54. Qf4+ 1-0